[Event "Tournoi francophone 016 Groupe G"]
[Site "Skype"]
[Date "????.??.??"]
[Round "1.1"]
[White "Colangelo, Michele"]
[Black "Tolaro, Filippa"]
[Result "0-1"]
[WhiteElo "1105"]
[BlackElo "1085"]
[PlyCount "42"]

1. e4 c6 2. Nf3 d5 3. d3 Bg4 4. Be2 dxe4 5. Nfd2 Bxe2 6. Qxe2 exd3 7. Qxd3 Qxd3
8. cxd3 Nf6 9. h3 e6 10. O-O Bd6 11. Re1 O-O 12. Nc4 Bb4 13. Rd1 Nbd7 14. a3
Bc5 15. Nc3 Rad8 16. Ne4 Nxe4 17. Be3 Bxe3 18. dxe4 Bf4 19. Rd3 Nc5 20. Rxd8
Rxd8 21. b4 Nxe4 0-1

[Event "Tournoi francophone 016 Groupe G"]
[Site "Skype"]
[Date "????.??.??"]
[Round "1.2"]
[White "Abate, Luigi"]
[Black "Rodriguez, Nathalie"]
[Result "0-1"]
[WhiteElo "1156"]
[BlackElo "1123"]
[PlyCount "82"]

1. e4 e5 2. Nf3 Nc6 3. Bb5 Nf6 4. d3 a6 5. Bxc6 dxc6 6. Nxe5 Bd6 7. Nc4 Bc5 8.
O-O Ng4 9. Be3 Bxe3 10. Nxe3 Nxe3 11. fxe3 O-O 12. Nd2 h6 13. h3 Qg5 14. Qe2
Bxh3 15. Rf3 Bg4 16. Rg3 Bxe2 17. Rxg5 hxg5 18. Re1 Bg4 19. e5 Rae8 20. d4 f6
21. Ne4 fxe5 22. Nf2 Bf5 23. e4 Bh7 24. dxe5 Rxe5 25. Ng4 Rxe4 26. Ne3 Rfe8 27.
Kf2 Rf4+ 28. Kg1 Bg6 29. c3 g4 30. g3 Rf3 31. Ng2 Rxe1+ 32. Nxe1 Rxg3+ 33. Kf2
Rh3 34. Kg2 Be4+ 35. Kg1 Rh1+ 36. Kf2 g3+ 37. Ke2 g2 38. Nxg2 Bxg2 39. Kf2 Bd5
40. Kg3 Rg1+ 41. Kh4 Rg2 0-1

[Event "Tournoi francophone 016 Groupe G"]
[Site "Skype"]
[Date "????.??.??"]
[Round "1.3"]
[White "Rodriguez Tovar, Liliana"]
[Black "Maccaferri, Massimo"]
[Result "0-1"]
[WhiteElo "1141"]
[BlackElo "1074"]
[PlyCount "36"]

1. d4 e5 2. dxe5 Nc6 3. Nf3 Qe7 4. e4 Nxe5 5. Bg5 Qb4+ 6. Nc3 Qxb2 7. Bd2 Nxf3+
8. gxf3 Bb4 9. Rb1 Qa3 10. Nb5 Bxd2+ 11. Qxd2 Qxa2 12. Nxc7+ Kd8 13. Nxa8 Qxb1+
14. Ke2 b6 15. Qg5+ Nf6 16. Qxg7 Qxc2+ 17. Ke3 Qc3+ 18. Kf4 Nh5+ 0-1

[Event "Tournoi francophone 016 Groupe G"]
[Site "Skype"]
[Date "????.??.??"]
[Round "1.4"]
[White "Esformes, Jacques"]
[Black "Montilla Bejarano, Carmen"]
[Result "1/2-1/2"]
[WhiteElo "1058"]
[BlackElo "1106"]
[PlyCount "92"]

1. d4 d5 2. Bf4 Nf6 3. e3 c6 4. c3 Qb6 5. Qb3 Nbd7 6. Nf3 Nh5 7. Bg5 h6 8. Bh4
Qc7 9. g4 Nhf6 10. Bg3 Qd8 11. Nbd2 h5 12. g5 Ne4 13. Bh4 Nxd2 14. Nxd2 e5 15.
Nf3 e4 16. Ne5 Nxe5 17. dxe5 Be7 18. c4 Bxg5 19. Bxg5 Qxg5 20. cxd5 Qxe5 21.
dxc6 bxc6 22. Qc3 Qxc3+ 23. bxc3 h4 24. Bg2 f5 25. Bh3 Rb8 26. Kd2 Rb2+ 27. Ke1
Rc2 28. Rg1 O-O 29. Rg5 Rxc3 30. Kf1 c5 31. Rh5 f4 32. Bxc8 Rxc8 33. Rxh4 fxe3
34. Rxe4 exf2 35. Kxf2 Rf8+ 36. Ke1 c4 37. Kd2 Rd3+ 38. Ke2 Rc8 39. Rc1 Ra3 40.
Rexc4 Rxa2+ 41. Kd1 Rd8+ 42. Ke1 Rxh2 43. R4c2 Re8+ 44. Kf1 Rh1+ 45. Kg2 Rxc1
46. Rxc1 a5 1/2-1/2

[Event "Tournoi francophone 016 Groupe G"]
[Site "Skype"]
[Date "????.??.??"]
[Round "1.5"]
[White "Ortis, Yves"]
[Black "Dhenain, Sebastien"]
[Result "1-0"]
[WhiteElo "1182"]
[BlackElo "1076"]
[PlyCount "115"]

1. d4 Nf6 2. Nf3 d5 3. g3 e6 4. Bg2 c5 5. dxc5 Bxc5 6. O-O O-O 7. Nbd2 Nc6 8.
c3 Qc7 9. b4 Be7 10. Bb2 b6 11. a3 Bb7 12. Rc1 Rac8 13. c4 Qb8 14. cxd5 Nxd5
15. e3 Bf6 16. Qb3 Bxb2 17. Qxb2 Rfd8 18. Rfe1 Nce7 19. Qe5 Qxe5 20. Nxe5 Ba6
21. Rxc8 Rxc8 22. Bf1 Bxf1 23. Kxf1 b5 24. e4 Nb6 25. Rd1 f6 26. Nd3 Na4 27.
Rc1 Rxc1+ 28. Nxc1 Nc6 29. Ncb3 e5 30. Ke2 Kf7 31. Kd3 Ke7 32. f3 Kd6 33. Kc2
a6 34. f4 g6 35. Nf3 h6 36. fxe5+ Nxe5 37. Nbd4 Nb6 38. Kb3 Ng4 39. Nh4 Ke5 40.
Nc6+ Kxe4 41. Nxg6 Nxh2 42. Nb8 Kf3 43. Nxa6 Kxg3 44. Nc7 Nf3 45. Nxb5 Ne5 46.
Ne7 h5 47. a4 Nxa4 48. Kxa4 Nd3 49. Nd4 Nxb4 50. Kxb4 Kg4 51. Ndf5 h4 52. Nxh4
Kxh4 53. Kc5 Kg5 54. Kd5 Kf4 55. Ke6 Kg5 56. Nf5 Kg6 57. Ng3 Kg5 58. Ne4+ 1-0

[Event "Tournoi francophone 016 Groupe G"]
[Site "Skype"]
[Date "????.??.??"]
[Round "2.1"]
[White "Tolaro, Filippa"]
[Black "Dhenain, Sebastien"]
[Result "0-1"]
[WhiteElo "1085"]
[BlackElo "1076"]
[PlyCount "48"]

1. d4 d5 2. b3 e6 3. Bb2 Nf6 4. Nf3 c5 5. e3 Nc6 6. c3 Bd6 7. c4 cxd4 8. Nxd4
Bb4+ 9. Nd2 Nxd4 10. Bxd4 O-O 11. Bd3 Re8 12. O-O e5 13. Bb2 e4 14. a3 Ba5 15.
b4 Bc7 16. Bc2 Bg4 17. Nf3 exf3 18. Bxf6 Qxf6 19. Qd3 g6 20. Bd1 Qh4 21. g3 Qh3
22. Bxf3 Bxf3 23. Qxg6+ fxg6 24. cxd5 Qg2# 0-1

[Event "Tournoi francophone 016 Groupe G"]
[Site "Skype"]
[Date "????.??.??"]
[Round "2.2"]
[White "Montilla Bejarano, Carmen"]
[Black "Ortis, Yves"]
[Result "1-0"]
[WhiteElo "1106"]
[BlackElo "1182"]
[PlyCount "83"]

1. d4 c6 2. e4 d6 3. c3 Nf6 4. Bd3 Bg4 5. f3 Bh5 6. Qc2 h6 7. Qb3 Qd7 8. Nh3 e5
9. Nf2 d5 10. dxe5 dxe4 11. fxe4 Ng4 12. Nxg4 Bxg4 13. Bc2 Na6 14. Be3 Bc5 15.
Bxc5 Nxc5 16. Qc4 b6 17. b4 Ne6 18. h3 b5 19. Qf1 Bh5 20. Nd2 Rd8 21. Qf2 g5
22. g4 Bg6 23. O-O-O Rc8 24. Nc4 Qc7 25. Nd6+ Kf8 26. Nxc8 Qxc8 27. Qf6 Kg8 28.
Bb3 Bxe4 29. Bxe6 fxe6 30. Rd8+ Qxd8 31. Qxd8+ Kg7 32. Qe7+ Kg8 33. Rf1 Bf5 34.
gxf5 Rh7 35. Qxe6+ Rf7 36. Qxc6 h5 37. f6 g4 38. Qe8+ Rf8 39. f7+ Kg7 40. Qe6
Rd8 41. Qf6+ Kf8 42. Qxd8+ 1-0

[Event "Tournoi francophone 016 Groupe G"]
[Site "Skype"]
[Date "????.??.??"]
[Round "2.3"]
[White "Maccaferri, Massimo"]
[Black "Esformes, Jacques"]
[Result "1-0"]
[WhiteElo "1074"]
[BlackElo "1058"]
[PlyCount "93"]

1. e4 c6 2. Bc4 d5 3. exd5 e6 4. dxe6 Bxe6 5. Qe2 Qe7 6. Bb3 Bxb3 7. axb3 Qxe2+
8. Nxe2 Nf6 9. Ra5 Bd6 10. Nd4 g6 11. d3 O-O 12. Bg5 b6 13. Ra4 Nfd7 14. h4
Re8+ 15. Kd1 c5 16. Nb5 Re6 17. Bf4 Bf8 18. Nc7 a6 19. Nxa8 b5 20. Ra5 Rf6 21.
Bxb8 Nxb8 22. Nc7 Rxf2 23. Ne8 Rxg2 24. Rxa6 Nxa6 25. Nc3 Rg4 26. h5 g5 27.
Nf6+ Kh8 28. Nxg4 Nb4 29. Nxb5 Nd5 30. Rf1 Kg7 31. c4 Nb4 32. d4 Nd3 33. d5
Nxb2+ 34. Kc2 Nxc4 35. bxc4 Bd6 36. Rf5 Be7 37. d6 Bd8 38. Nc7 Bf6 39. Nxf6 Kh6
40. d7 g4 41. Nxg4+ Kg7 42. h6+ Kf8 43. Nf6 Ke7 44. Ncd5+ Kd8 45. Nb6 Kc7 46.
Nfd5+ Kd8 47. Rxf7 1-0

[Event "Tournoi francophone 016 Groupe G"]
[Site "Skype"]
[Date "????.??.??"]
[Round "2.4"]
[White "Rodriguez, Nathalie"]
[Black "Rodriguez Tovar, Liliana"]
[Result "1-0"]
[WhiteElo "1123"]
[BlackElo "1141"]
[PlyCount "65"]

1. d4 d5 2. Bf4 Nf6 3. e3 e6 4. Nc3 a6 5. Nf3 Bd6 6. Bg3 Nbd7 7. Bd3 O-O 8. Ne5
c5 9. Nxd7 Qxd7 10. dxc5 Bxc5 11. Qf3 b5 12. a3 b4 13. axb4 Bxb4 14. O-O a5 15.
h3 Ba6 16. Rfd1 Bxc3 17. bxc3 Bxd3 18. Rxd3 Rfc8 19. Rad1 a4 20. Be5 a3 21. c4
Rxc4 22. Bxf6 gxf6 23. Qxf6 Rxc2 24. e4 a2 25. Rg3+ Kf8 26. Qh8+ Ke7 27. Qxa8
d4 28. Qa3+ Qd6 29. Qd3 Rb2 30. e5 Qxe5 31. Qa3+ Kf6 32. Qxb2 d3 33. Rf3+ 1-0

[Event "Tournoi francophone 016 Groupe G"]
[Site "Skype"]
[Date "????.??.??"]
[Round "2.5"]
[White "Colangelo, Michele"]
[Black "Abate, Luigi"]
[Result "1/2-1/2"]
[WhiteElo "1105"]
[BlackElo "1156"]
[PlyCount "43"]

1. e4 e5 2. Nf3 Nc6 3. Bb5 a6 4. Ba4 Nf6 5. d3 Bc5 6. Bxc6 dxc6 7. Nxe5 Qd6 8.
Bf4 Ng4 9. d4 Bxd4 10. Nxg4 Qxf4 11. Qxd4 Qxg4 12. O-O O-O 13. Rd1 Be6 14. h3
Qg6 15. Rd3 f5 16. Rg3 Qh6 17. Nc3 f4 18. Rf3 Qg6 19. Ne2 Qh6 20. Qe5 g5 21.
Qc5 Qg6 22. Qe5 1/2-1/2

[Event "Tournoi francophone 016 Groupe G"]
[Site "Skype"]
[Date "????.??.??"]
[Round "3.1"]
[White "Abate, Luigi"]
[Black "Tolaro, Filippa"]
[Result "0-1"]
[WhiteElo "1156"]
[BlackElo "1085"]
[PlyCount "58"]

1. e4 c6 2. Nc3 d5 3. d3 e5 4. Nf3 Bg4 5. h3 Bxf3 6. Qxf3 Bd6 7. exd5 Bb4 8.
Bd2 cxd5 9. Nxd5 Bxd2+ 10. Kxd2 Nf6 11. Re1 Nbd7 12. d4 e4 13. Qf5 Qa5+ 14. c3
Qxd5 15. Qf4 O-O 16. b3 Rac8 17. Rc1 b5 18. c4 Qxd4+ 19. Kc2 a6 20. Kb1 Nh5 21.
Qg4 Ndf6 22. Qf5 Rc5 23. Qf3 exf3 24. h4 Qe4+ 25. Ka1 fxg2 26. Bxg2 Qxg2 27.
Rhf1 Re8 28. f4 Qd2 29. f5 Re2 0-1

[Event "Tournoi francophone 016 Groupe G"]
[Site "Skype"]
[Date "????.??.??"]
[Round "3.2"]
[White "Rodriguez Tovar, Liliana"]
[Black "Colangelo, Michele"]
[Result "1/2-1/2"]
[WhiteElo "1141"]
[BlackElo "1105"]
[PlyCount "64"]

1. d4 d5 2. Nf3 Nf6 3. e3 e6 4. Bd3 Be7 5. Nbd2 O-O 6. O-O Nc6 7. c4 a6 8. Qe2
Nb4 9. Bb1 Bd7 10. e4 dxe4 11. Nxe4 Nc6 12. Nxf6+ Bxf6 13. Qe4 g6 14. Bh6 Bg7
15. Bxg7 Kxg7 16. Ne5 Nxe5 17. Qxe5+ Qf6 18. Qxf6+ Kxf6 19. f4 Bc6 20. g4 Rad8
21. g5+ Kg7 22. Rd1 f6 23. h4 fxg5 24. fxg5 Bf3 25. Rf1 Be2 26. Rxf8 Rxf8 27.
Be4 Rf4 28. Bxb7 Rxd4 29. Bxa6 Rxh4 30. Re1 Bxc4 31. Bxc4 Rxc4 32. Rxe6 Rc1+
1/2-1/2

[Event "Tournoi francophone 016 Groupe G"]
[Site "Skype"]
[Date "????.??.??"]
[Round "3.3"]
[White "Esformes, Jacques"]
[Black "Rodriguez, Nathalie"]
[Result "1/2-1/2"]
[WhiteElo "1058"]
[BlackElo "1123"]
[PlyCount "121"]

1. e4 c5 2. d3 Nc6 3. c3 e5 4. Nf3 h6 5. Be3 Nf6 6. h3 d5 7. Qc2 dxe4 8. dxe4
Be7 9. Nbd2 O-O 10. O-O-O Be6 11. Bc4 Qa5 12. Nb3 Qxa2 13. Bxe6 fxe6 14. Nxc5
Qa1+ 15. Qb1 Qxb1+ 16. Kxb1 Kf7 17. Nd2 b6 18. Ncb3 Rac8 19. Rc1 Na5 20. Nxa5
bxa5 21. g4 Bc5 22. Bxc5 Rxc5 23. f3 Nd7 24. Nb3 Rc7 25. Nxa5 Nc5 26. Rc2 Nd3
27. Rd1 Rd8 28. Rcd2 Rcd7 29. Nc6 Nxb2 30. Nxe5+ Ke8 31. Nxd7 Nxd1 32. Rxd1
Rxd7 33. Rxd7 Kxd7 34. Kb2 e5 35. Kb3 Kc6 36. Kb4 a6 37. h4 a5+ 38. Ka4 Kc5 39.
Kxa5 Kc4 40. Kb6 Kxc3 41. Kc5 Kd3 42. Kd5 Ke3 43. Kxe5 Kxf3 44. Kf5 g6+ 45.
Kxg6 Kxg4 46. e5 Kxh4 47. e6 h5 48. e7 Kg4 49. e8=Q h4 50. Qe2+ Kh3 51. Kg5 Kg3
52. Qg4+ Kf2 53. Qxh4+ Ke3 54. Kf5 Kd3 55. Qe4+ Kc3 56. Ke5 Kd2 57. Kd4 Kc1 58.
Qd3 Kb2 59. Kc4 Kc1 60. Qc3+ Kd1 61. Kd3 1/2-1/2

[Event "Tournoi francophone 016 Groupe G"]
[Site "Skype"]
[Date "????.??.??"]
[Round "3.4"]
[White "Ortis, Yves"]
[Black "Maccaferri, Massimo"]
[Result "0-1"]
[WhiteElo "1182"]
[BlackElo "1074"]
[PlyCount "76"]

1. d4 e5 2. Nc3 Qe7 3. e4 Nc6 4. Nf3 exd4 5. Nxd4 Nf6 6. Bg5 Qb4 7. Bd3 Qxb2 8.
Ndb5 Bb4 9. Nxc7+ Kd8 10. Nxa8 Bxc3+ 11. Bd2 Qxa1 12. O-O Qxd1 13. Rxd1 Bxd2
14. Rxd2 b6 15. c3 Bb7 16. e5 Re8 17. f4 Ng4 18. h3 Ne3 19. Kf2 Nd5 20. Bc4
Nxf4 21. Bxf7 Rf8 22. Bc4 Nxe5 23. Bb5 Nxh3+ 24. Ke3 Bc6 25. a4 Bxb5 26. axb5
Nc4+ 27. Kd3 Nxd2 28. Kxd2 Nf4 29. g3 Ne6 30. c4 Rf3 31. g4 Rg3 32. Kc2 Rxg4
33. Kb3 Nd4+ 34. Kc3 h5 35. c5 bxc5 36. Kc4 d6 37. Kd5 Nxb5 38. Kc6 Rb4 0-1

[Event "Tournoi francophone 016 Groupe G"]
[Site "Skype"]
[Date "????.??.??"]
[Round "3.5"]
[White "Dhenain, Sebastien"]
[Black "Montilla Bejarano, Carmen"]
[Result "1/2-1/2"]
[WhiteElo "1076"]
[BlackElo "1106"]
[PlyCount "84"]

1. e4 d5 2. exd5 Qxd5 3. Nc3 Qa5 4. d4 Bf5 5. Bd2 Qb6 6. Bb5+ c6 7. Be2 Qxd4 8.
Nf3 Qb6 9. Na4 Qc7 10. O-O Nd7 11. Bc3 b5 12. Qd2 bxa4 13. Ba5 Qb8 14. Rad1
Ngf6 15. Qb4 Nb6 16. Rd2 e6 17. Qd4 Be7 18. Ne5 Qb7 19. Bxb6 axb6 20. Bf3 Nd5
21. c4 Bc5 22. Qh4 Be7 23. Qh5 Bg6 24. Nxg6 fxg6 25. Qg4 Nc7 26. Rfd1 O-O 27.
g3 Rad8 28. Rd7 Rxd7 29. Rxd7 Rf7 30. Rd1 Qa8 31. Qe4 Qf8 32. Rd7 Rxf3 33. Qxc6
Rxf2 34. Qxc7 Rf1+ 35. Kg2 Qf2+ 36. Kh3 Qf5+ 37. Kg2 Rf2+ 38. Kg1 Rf1+ 39. Kg2
Qf2+ 40. Kh3 Qf5+ 41. Kg2 Qf2+ 42. Kh3 Qf5+ 1/2-1/2

[Event "Tournoi francophone 016 Groupe G"]
[Site "Skype"]
[Date "????.??.??"]
[Round "4.1"]
[White "Tolaro, Filippa"]
[Black "Montilla Bejarano, Carmen"]
[Result "0-1"]
[WhiteElo "1085"]
[BlackElo "1106"]
[PlyCount "82"]

1. d4 d5 2. Nf3 Nf6 3. b3 c5 4. e3 Ne4 5. Nbd2 Nc3 6. Qe2 Nxe2 7. Bxe2 Bf5 8.
Bb5+ Nc6 9. c4 a6 10. Bxc6+ bxc6 11. dxc5 Bd3 12. Ne5 dxc4 13. bxc4 Bg6 14. O-O
Qc7 15. Bb2 e6 16. Nb3 f6 17. Nf3 Rb8 18. Rad1 Bc2 19. Rd2 Bxb3 20. axb3 Rxb3
21. Bd4 e5 22. Ba1 Bxc5 23. Rfd1 O-O 24. Rd7 Qb6 25. Nd4 exd4 26. exd4 Rb1 27.
dxc5 Rxd1+ 28. Rxd1 Qxc5 29. Rd4 Qa3 30. Rd1 Kf7 31. Bd4 Rd8 32. h3 c5 33. Ra1
Qd3 34. Bxc5 Qxc4 35. Be3 Qe2 36. Kh2 Rd1 37. Ra4 Qf1 38. Rb4 Qh1+ 39. Kg3 Rg1
40. Kf4 Qxg2 41. Rb7+ Qxb7 0-1

[Event "Tournoi francophone 016 Groupe G"]
[Site "Skype"]
[Date "????.??.??"]
[Round "4.2"]
[White "Maccaferri, Massimo"]
[Black "Dhenain, Sebastien"]
[Result "0-1"]
[WhiteElo "1074"]
[BlackElo "1076"]
[PlyCount "104"]

1. e4 e6 2. b3 Nc6 3. Ba3 Bxa3 4. Nxa3 Nf6 5. g4 d5 6. exd5 exd5 7. g5 Qe7+ 8.
Be2 Ng4 9. h4 h6 10. f3 hxg5 11. fxg4 Bxg4 12. Rh2 Bd7 13. Nb5 O-O-O 14. Qc1 a6
15. Nc3 d4 16. Nd5 Qe5 17. Nb4 Qxh2 18. Nf3 Qh1+ 19. Kf2 Qxc1 20. Rxc1 g4 21.
Ng5 Rxh4 22. Kg3 Rh5 23. Nxf7 Rf8 24. Rf1 Ne5 25. Nd6+ cxd6 26. Rxf8+ Kc7 27.
Rg8 Nf3 28. Rxg7 Rh3+ 29. Kf4 Ne5 30. Nd5+ Kd8 31. Nf6 g3 32. Rg8+ Kc7 33. Rxg3
Rh4+ 34. Bg4 Bxg4 35. Nxg4 Nxg4 36. Rxg4 Rh8 37. Ke4 Re8+ 38. Kxd4 Re2 39. Kd5
Rxd2+ 40. Ke6 Rxc2 41. a4 Rb2 42. Rc4+ Kb8 43. Rb4 Kc7 44. Rc4+ Kb6 45. Kxd6
Rxb3 46. Rc5 Rd3+ 47. Ke5 Kxc5 48. Ke4 Ra3 49. Ke5 Rxa4 50. Kf5 Kd5 51. Kg5 Ke5
52. Kg6 b5 0-1

[Event "Tournoi francophone 016 Groupe G"]
[Site "Skype"]
[Date "????.??.??"]
[Round "4.3"]
[White "Rodriguez, Nathalie"]
[Black "Ortis, Yves"]
[Result "0-1"]
[WhiteElo "1123"]
[BlackElo "1182"]
[PlyCount "68"]

1. d4 d5 2. Bf4 Nc6 3. Nc3 e6 4. Nb5 Bb4+ 5. c3 Ba5 6. e3 a6 7. Na3 Nf6 8. Be2
Ne4 9. Qc2 Qe7 10. Nb1 Bd7 11. Nf3 f6 12. b4 Bb6 13. Nbd2 Nxd2 14. Qxd2 O-O-O
15. Rb1 g5 16. Bg3 h5 17. b5 Na5 18. h3 Qe8 19. bxa6 Nc4 20. Bxc4 dxc4 21.
axb7+ Kxb7 22. Qb2 e5 23. dxe5 h4 24. Bh2 Qe6 25. exf6 Qxf6 26. Be5 Qe6 27.
Bxh8 Rxh8 28. Ke2 Qe4 29. Nd4 Rh7 30. f3 Qe5 31. Rhd1 Kc8 32. Qb4 Be6 33. Nxe6
Qxe3+ 34. Kf1 Qf2# 0-1

[Event "Tournoi francophone 016 Groupe G"]
[Site "Skype"]
[Date "????.??.??"]
[Round "4.4"]
[White "Colangelo, Michele"]
[Black "Esformes, Jacques"]
[Result "1-0"]
[WhiteElo "1105"]
[BlackElo "1058"]
[PlyCount "57"]

1. e4 e5 2. Nf3 Nc6 3. Bb5 a6 4. Ba4 Bc5 5. O-O d6 6. h3 Nge7 7. Nc3 Be6 8. a3
h6 9. d4 b5 10. d5 Nd4 11. Nxd4 exd4 12. dxe6 dxc3 13. exf7+ Kxf7 14. Bb3+ Ke8
15. Qh5+ g6 16. Qf3 Qd7 17. Qf6 Rf8 18. Qh4 cxb2 19. Bxb2 c6 20. Qxh6 d5 21.
Bg7 Rg8 22. Rad1 Kd8 23. Bf6 d4 24. Bxg8 Kc7 25. Be5+ Kb6 26. Bb3 Rf8 27. Qxf8
g5 28. Qb8+ Qb7 29. Bc7# 1-0

[Event "Tournoi francophone 016 Groupe G"]
[Site "Skype"]
[Date "????.??.??"]
[Round "4.5"]
[White "Abate, Luigi"]
[Black "Rodriguez Tovar, Liliana"]
[Result "0-1"]
[WhiteElo "1156"]
[BlackElo "1141"]
[PlyCount "119"]

1. e4 e6 2. Nf3 d5 3. d3 Nf6 4. e5 Nfd7 5. d4 c5 6. c4 Nc6 7. Nc3 cxd4 8. cxd5
Ncxe5 9. Nxd4 Nf6 10. dxe6 Bxe6 11. Ndb5 Qxd1+ 12. Nxd1 Bb4+ 13. Ndc3 O-O 14.
Be2 a6 15. Nc7 Rac8 16. Nxe6 Bxc3+ 17. Bd2 Bxd2+ 18. Kxd2 fxe6 19. Rhd1 Neg4
20. Ke1 Nxh2 21. b3 Nfg4 22. Bc4 Rce8 23. Rd2 b5 24. Be2 e5 25. f3 Ne3 26. Kf2
Neg4+ 27. Kg3 h5 28. fxg4 Nxg4 29. Bxg4 hxg4 30. Kxg4 Rf4+ 31. Kg3 Ref8 32. Re1
R4f5 33. Rd5 Rg5+ 34. Kh2 Rf2 35. Rg1 Rxa2 36. Kh3 Rb2 37. Kh4 Rf5 38. Kg4 g6
39. Rd7 e4 40. Rh1 Rxg2+ 41. Kh3 Rgf2 42. Rg1 g5 43. Rg3 R2f3 44. Kg4 R3f4+ 45.
Kh5 Kf8 46. Rxg5 Rxg5+ 47. Kxg5 Rf3 48. Kg4 Rxb3 49. Rd1 a5 50. Kf4 e3 51. Kf3
a4 52. Ra1 Ke7 53. Ke2 Kd6 54. Rc1 Kd5 55. Ra1 Ke4 56. Rc1 Rb2+ 57. Ke1 a3 58.
Ra1 a2 59. Kd1 Rb1+ 60. Rxb1 0-1

[Event "Tournoi francophone 016 Groupe G"]
[Site "Skype"]
[Date "????.??.??"]
[Round "5.1"]
[White "Rodriguez Tovar, Liliana"]
[Black "Tolaro, Filippa"]
[Result "0-1"]
[WhiteElo "1141"]
[BlackElo "1085"]
[PlyCount "74"]

1. d4 d5 2. Nf3 Nf6 3. e3 Bf5 4. a3 e6 5. c4 c5 6. cxd5 Qxd5 7. Bb5+ Nc6 8. Nc3
Qd8 9. O-O Bd6 10. Nh4 Bg4 11. f3 Bf5 12. Nxf5 exf5 13. dxc5 Bxc5 14. Bxc6+
bxc6 15. b4 Be7 16. Qc2 Qd7 17. Bb2 O-O 18. Rad1 Qc8 19. e4 fxe4 20. Nxe4 Nxe4
21. Qxe4 Re8 22. Qc2 c5 23. Qc3 Bf6 24. Qb3 Bxb2 25. Qxb2 h6 26. Rd5 c4 27. Rc5
Qe6 28. Qc3 Rac8 29. Re1 Qf6 30. Rxe8+ Rxe8 31. Qxc4 Qe7 32. Qf1 a5 33. Rc4
Qe3+ 34. Qf2 Qxa3 35. bxa5 Qxa5 36. Qf1 Re1 37. Rc8+ Kh7 0-1

[Event "Tournoi francophone 016 Groupe G"]
[Site "Skype"]
[Date "????.??.??"]
[Round "5.2"]
[White "Esformes, Jacques"]
[Black "Abate, Luigi"]
[Result "1-0"]
[WhiteElo "1058"]
[BlackElo "1156"]
[PlyCount "95"]

1. d4 d5 2. Bf4 Bf5 3. e3 e6 4. Nf3 a6 5. a3 Nf6 6. Nh4 Bg6 7. Bd3 Nc6 8. Nxg6
hxg6 9. h3 Bd6 10. Bxd6 Qxd6 11. c3 Ne7 12. Nd2 Nf5 13. b4 O-O-O 14. Qe2 Rde8
15. O-O-O e5 16. Bxf5+ gxf5 17. Nb3 Ne4 18. Rd3 Qc6 19. Kb2 g6 20. Qe1 Qc4 21.
Qe2 exd4 22. Qd2 Nxf2 23. Qxf2 Qxd3 24. Qc2 Qxc2+ 25. Kxc2 Rxe3 26. Nxd4 Rhe8
27. Kb3 b6 28. Rc1 c5 29. Nc6 R8e6 30. bxc5 Rxc6 31. cxb6 d4 32. Kb4 Rxb6+ 33.
Kc5 d3 34. Kxb6 d2 35. Rd1 Rxc3 36. Kxa6 Rxa3+ 37. Kb6 Rd3 38. Kc5 f4 39. Kc4
Re3 40. Rxd2 g5 41. Kd4 f3 42. Kxe3 fxg2 43. Rxg2 f6 44. Ke4 Kd7 45. Kf5 Ke7
46. Rc2 Kf7 47. Rc7+ Kg8 48. Kxf6 1-0

[Event "Tournoi francophone 016 Groupe G"]
[Site "Skype"]
[Date "????.??.??"]
[Round "5.3"]
[White "Ortis, Yves"]
[Black "Colangelo, Michele"]
[Result "1-0"]
[WhiteElo "1182"]
[BlackElo "1105"]
[PlyCount "61"]

1. d4 d5 2. Bf4 Bf5 3. Nc3 Nf6 4. f3 Nc6 5. e3 a6 6. a3 e6 7. h3 Bd6 8. Bxd6
Qxd6 9. Nge2 O-O 10. g4 Bg6 11. Qd2 Rfe8 12. O-O-O e5 13. dxe5 Nxe5 14. Bg2 c6
15. Nf4 Nc4 16. Qe1 Nxe3 17. Nce2 Nxg2 18. Nxg2 h5 19. g5 Nh7 20. h4 Qc5 21.
Rd2 d4 22. Qf2 Rad8 23. Re1 f6 24. Ngf4 Bf7 25. g6 Bxg6 26. Nxg6 Qf5 27. Ngf4
Re7 28. Rxd4 Rxd4 29. Qxd4 Rd7 30. Qc4+ Kh8 31. Ng3 1-0

[Event "Tournoi francophone 016 Groupe G"]
[Site "Skype"]
[Date "????.??.??"]
[Round "5.4"]
[White "Dhenain, Sebastien"]
[Black "Rodriguez, Nathalie"]
[Result "1/2-1/2"]
[WhiteElo "1076"]
[BlackElo "1123"]
[PlyCount "71"]

1. e4 c5 2. c3 Nc6 3. Nf3 e5 4. d4 Nf6 5. d5 Ne7 6. d6 Nc6 7. Bg5 h6 8. Bh4 g5
9. Bg3 Nxe4 10. Qe2 Nxg3 11. hxg3 Bxd6 12. Nbd2 Bc7 13. Nc4 d5 14. Ncxe5 Nxe5
15. Nxe5 Qf6 16. Ng6+ Be6 17. Qb5+ Bd7 18. Qe2+ Be6 19. Qb5+ Bd7 20. Qe2+ Be6
21. Qb5+ Kd8 22. c4 Qxg6 23. cxd5 Qe4+ 24. Be2 Qxd5 25. Rd1 Qxd1+ 26. Bxd1 Bd7
27. Qxb7 Re8+ 28. Be2 Rb8 29. Qxa7 Rxb2 30. Qa8+ Bc8 31. Qd5+ Bd7 32. Qa8+ Bb8
33. Qa5+ Bc7 34. Qa8+ Bc8 35. Qd5+ Bd7 36. Qa8+ 1/2-1/2

[Event "Tournoi francophone 016 Groupe G"]
[Site "Skype"]
[Date "????.??.??"]
[Round "5.5"]
[White "Montilla Bejarano, Carmen"]
[Black "Maccaferri, Massimo"]
[Result "1-0"]
[WhiteElo "1106"]
[BlackElo "1074"]
[PlyCount "83"]

1. d4 e5 2. dxe5 Nc6 3. Nf3 Qe7 4. Qd5 Nb4 5. Qb3 a5 6. a3 Nc6 7. Bf4 d6 8. c3
dxe5 9. Bg3 Be6 10. Qxb7 Rb8 11. Qxc6+ Qd7 12. Qxd7+ Bxd7 13. Bxe5 Rxb2 14.
Bxc7 Rc2 15. Bxa5 Nf6 16. e3 Ne4 17. Bd3 Rc1+ 18. Ke2 Rxh1 19. Bxe4 Bd6 20. g3
O-O 21. Ra2 Be6 22. Rd2 Bc5 23. Ne5 f6 24. Bxh1 fxe5 25. Bc7 Bc4+ 26. Ke1 Re8
27. Bd5+ Bxd5 28. Rxd5 Ba7 29. Bxe5 Re7 30. Rd8+ Kf7 31. Bd4 Rb7 32. Nd2 Bb8
33. a4 Bc7 34. Ra8 Rb2 35. Ra7 Ke6 36. Rxc7 Ra2 37. Ra7 Kd5 38. a5 g5 39. a6 g4
40. Ra8 Ra1+ 41. Ke2 Rh1 42. a7 1-0

[Event "Tournoi francophone 016 Groupe G"]
[Site "Skype"]
[Date "????.??.??"]
[Round "6.1"]
[White "Tolaro, Filippa"]
[Black "Maccaferri, Massimo"]
[Result "0-1"]
[WhiteElo "1085"]
[BlackElo "1074"]
[PlyCount "124"]

1. d4 e5 2. d5 e4 3. e3 c6 4. Nc3 a5 5. Be2 cxd5 6. Nxd5 b6 7. Bc4 Bb7 8. Ne2
b5 9. Bxb5 a4 10. Nec3 a3 11. Nxe4 Ra5 12. Nec3 Bxd5 13. Qxd5 Nc6 14. Qe4+ Nge7
15. Qd3 Ng6 16. bxa3 Bxa3 17. O-O Bb4 18. Bxc6 dxc6 19. Bd2 Ne5 20. Qxd8+ Kxd8
21. Rab1 Nc4 22. Rfd1 Bxc3 23. Bxc3+ Kc7 24. Bxa5+ Kc8 25. Bc3 Na3 26. Rb6 Kc7
27. Ba5 Ra8 28. Rb3+ Rxa5 29. c4 Nxc4 30. Rd4 Rxa2 31. g3 Nd2 32. Rbd3 Nf3+ 33.
Kg2 Nxd4 34. Rxd4 c5 35. h4 cxd4 36. exd4 Rd2 37. h5 Rxd4 38. f4 Kd6 39. f5 Ke5
40. Kf3 Rd3+ 41. Kg4 Rd4+ 42. Kf3 Re4 43. g4 Rf4+ 44. Kg3 Ke4 45. Kh4 Kf3 46.
h6 gxh6 47. Kh5 Rxg4 48. Kxh6 Rh4+ 49. Kg7 Kf4 50. Kf6 Rh6+ 51. Kxf7 Ke5 52.
Kg7 Rh4 53. f6 Rg4+ 54. Kf7 h5 55. Ke7 Rf4 56. f7 Rxf7+ 57. Kxf7 h4 58. Kg6 h3
59. Kg5 h2 60. Kg6 h1=Q 61. Kf7 Qf3+ 62. Ke7 Qf6+ 0-1

[Event "Tournoi francophone 016 Groupe G"]
[Site "Skype"]
[Date "????.??.??"]
[Round "6.2"]
[White "Rodriguez, Nathalie"]
[Black "Montilla Bejarano, Carmen"]
[Result "0-1"]
[WhiteElo "1123"]
[BlackElo "1106"]
[PlyCount "26"]

1. d4 d5 2. Bf4 Nf6 3. Nc3 c5 4. Nb5 Qa5+ 5. Nc3 Nc6 6. Nf3 Ne4 7. Bd2 cxd4 8.
Nxd5 Qxd5 9. e3 b5 10. Be2 e5 11. b3 Bb4 12. c4 dxc3 13. Bc1 c2+ 0-1

[Event "Tournoi francophone 016 Groupe G"]
[Site "Skype"]
[Date "????.??.??"]
[Round "6.3"]
[White "Colangelo, Michele"]
[Black "Dhenain, Sebastien"]
[Result "1-0"]
[WhiteElo "1105"]
[BlackElo "1076"]
[PlyCount "107"]

1. e4 e5 2. Nf3 Nc6 3. Bb5 a6 4. Ba4 b5 5. Bb3 Nf6 6. d3 h6 7. O-O Be7 8. h3
O-O 9. Re1 Re8 10. a3 d6 11. c4 bxc4 12. dxc4 Nd4 13. Nxd4 exd4 14. Qxd4 c5 15.
Qd1 Bf8 16. Nc3 Bb7 17. Bf4 Nxe4 18. Nxe4 Rxe4 19. Rxe4 Bxe4 20. Ba4 Rc8 21.
Qe2 Qe7 22. Re1 Bc6 23. Bxc6 Rxc6 24. Qxe7 Bxe7 25. Rxe7 Rb6 26. Re8+ Kh7 27.
Re7 Rxb2 28. Rxf7 Kg8 29. Rd7 Rb1+ 30. Kh2 Ra1 31. Rxd6 Rxa3 32. Rd8+ Kh7 33.
Bd6 Rc3 34. Rc8 Rxc4 35. Rxc5 Ra4 36. Rc7 a5 37. Bf8 Kg8 38. Bxg7 Ra2 39. f3 a4
40. Bxh6 a3 41. Ra7 Ra1 42. Be3 a2 43. Bd4 Rd1 44. Bc3 Rc1 45. Bf6 Rc2 46. Ba1
Kf8 47. Kg3 Ke8 48. h4 Kd8 49. h5 Rc1 50. Rxa2 Rh1 51. Kg4 Ke8 52. Kg5 Kf8 53.
h6 Kg8 54. Kg6 1-0